| 000 | 01543nam a22006017a 4500 | ||
|---|---|---|---|
| 005 | 20231212140756.0 | ||
| 008 | 210811b2020 xxu||||| |||| 00| 0 spa d | ||
| 020 | _a9786071514639 | ||
| 041 | _aESP | ||
| 082 | _a519.5 S755e6 | ||
| 100 |
_aSpiegel, Murray S. _960796 |
||
| 100 | _aStephens, Larry J. | ||
| 245 | _aEstadística | ||
| 250 | _a6 edición. | ||
| 260 | _aMéxico | ||
| 260 | _bMcGraw-Hill | ||
| 260 | _c2020 | ||
| 300 | _a579 páginas | ||
| 440 | _aSerie Schaum | ||
| 650 | _aESTADÍSTICA | ||
| 650 | _aVARIABLES | ||
| 650 | _aGRÁFICAS | ||
| 650 | _aDISTRIBUCIONES DE FRECUENCIAS | ||
| 650 | _aMEDIA | ||
| 650 | _aMEDIANA | ||
| 650 | _aMODA | ||
| 650 | _aMEDIDAS DE TENDENCIA CENTRAL | ||
| 650 | _aDESVIACIÓN ESTÁNDAR | ||
| 650 | _aMEDIDAS DE DISPERSIÓN | ||
| 650 | _aMOMENTOS | ||
| 650 | _aSESGOS | ||
| 650 | _aCURTOSIS | ||
| 650 | _aPROBABILIDAD | ||
| 650 | _aDISTRIBUCIÓN BINOMIAL | ||
| 650 | _aDISTRIBUCIÓN NORMAL | ||
| 650 | _aDISTRIBUCIÓN DE POISSON | ||
| 650 | _aMUESTREO | ||
| 650 | _aESTIMACIÓN ESTADÍSTICA | ||
| 650 | _aDECISIONES ESTADÍSTICAS | ||
| 650 | _aMUESTRAS PEQUEÑAS | ||
| 650 | _aPRUEBA JI CUADRADA | ||
| 650 | _aAJUSTE DE CURVAS | ||
| 650 | _aMÍNIMOS CUADRADOS | ||
| 650 | _aCORRELACÓN | ||
| 650 | _aREGRESIÓN | ||
| 650 | _aCORRELACIÓN MÚLTIPLE Y PARCIAL | ||
| 650 | _aVARIANZA | ||
| 650 | _aPRUEBAS NO PARAMÉTRICAS | ||
| 650 | _aCONTROL ESTADÍSTICO DE PROCESOS | ||
| 942 |
_cBK _2ddc |
||
| 999 |
_c13086 _d13086 |
||